000 01157nam a2200313 i 4500
001 000026163
003 DO-SdBNP
005 20250918104658.0
006 a||||gr|||| 00| 0
007 ta
008 250609e2008 dr ad 000 0 spa d
040 _aDO-SdBNP
_bspa
_cBNPHU
_erda
041 _hspa
082 4 _a304.6
_bR426e, 2007
_222
110 2 _aCentro de Estudios Sociales y Demográficos (República Dominicana)
_954618
245 0 0 _aRepública Dominicana :
_bencuesta demográfica y de salud 2007 /
_cdirección, Maritza Molina Achécar.
264 1 _aSanto Domingo :
_bCentro de Estudios Sociales y Demográficos (CESDEM),
_c2007
300 _a546 páginas ;
_c28 cm.
336 _atexto
_btxt
_2rdacontent
337 _asin mediación
_bn
_2rdamedia
338 _avolumen
_bnc
_2rdacarrier
590 _aInventariado, 2025/DG
700 1 _aMolina Achécar, Maritza,
_edirección
_910841
710 2 _aInstituto de Estudios de Población y Desarrollo (República Dominicana)
_970393
710 2 _aOficina Nacional de Planificación (República Dominicana)
_910843
710 2 _aMacro International
_953161
910 _aDG
942 _2ddc
_cLBS1
999 _c59181
_d59181